| 000 | 00337nam a2200133Ia 4500 | ||
|---|---|---|---|
| 005 | 20251222144723.0 | ||
| 008 | 251222s9999||||xx |||||||||||||| ||spa|| | ||
| 020 | _a84-7103-144-2 | ||
| 082 | _a370.112/G96 | ||
| 100 | _aGutiérrez, Francisco | ||
| 245 | 0 | _aMétodo Práctico de Educación Liberadora | |
| 264 | _bMarsiega | ||
| 942 | _cLIB | ||
| 999 |
_c18295 _d18295 |
||